Electric machinery fundamentals (Record no. 1110)

000 -LEADER
fixed length control field 00674nam a22002294a 4500
001 - CONTROL NUMBER
control field 1110
003 - CONTROL NUMBER IDENTIFIER
control field BD-DhUET
008 - FIXED-LENGTH DATA ELEMENTS--GENERAL INFORMATION
fixed length control field 030923s2005 nyua b 001 0 eng
020 ## - INTERNATIONAL STANDARD BOOK NUMBER
International Standard Book Number 0071151559
040 ## - CATALOGING SOURCE
Original cataloging agency DLC
Transcribing agency DLC
Modifying agency BD-DhUET
082 00 - DEWEY DECIMAL CLASSIFICATION NUMBER
Classification number 623
Item number CHA/2005
100 1# - MAIN ENTRY--PERSONAL NAME
Personal name Chapman, Stephen J.
245 10 - TITLE STATEMENT
Title Electric machinery fundamentals
250 ## - EDITION STATEMENT
Edition statement 4th ed.
260 ## - PUBLICATION, DISTRIBUTION, ETC. (IMPRINT)
Place of publication, distribution, etc. Boston
Name of publisher, distributor, etc. McGraw-Hill
Date of publication, distribution, etc. 2005
300 ## - PHYSICAL DESCRIPTION
Extent xxii, 746p.
Other physical details ill.
Dimensions 24 cm.
500 ## - GENERAL NOTE
General note Includes bibliographies
650 #0 - SUBJECT ADDED ENTRY--TOPICAL TERM
Topical term or geographic name as entry element Electric engineering
856 41 - ELECTRONIC LOCATION AND ACCESS
Uniform Resource Identifier http://www.loc.gov/catdir/toc/mh041/2003065174.html
856 42 - ELECTRONIC LOCATION AND ACCESS
Uniform Resource Identifier http://www.loc.gov/catdir/description/mh041/2003065174.html
942 ## - ADDED ENTRY ELEMENTS (KOHA)
Koha item type General Book
Holdings
Koha issues (times borrowed) Koha date last seen Withdrawn status Sublocation or collection (holding branch) Koha normalized classification for sorting Koha item type Koha out on loan Piece designation (barcode) Date acquired Koha date last borrowed Location (home branch) Source of classification or shelving scheme Price effective from Copy number Koha renewals Koha full call number Lost status Not for loan Shelving location Damaged status
152025-04-16 Central Library, BUET623_000000000000000_CHA_2005General Book 1033332014-08-302024-12-18Central Library, BUET 2014-08-301 623/CHA/2005  Circulation section 
232026-04-15 Central Library, BUET623_000000000000000_CHA_2005General Book 1033352014-08-302026-03-30Central Library, BUET 2014-08-302 623/CHA/2005  Circulation section 
22016-02-27 Central Library, BUET623_000000000000000_CHA_2005General Book2017-02-261033362014-08-302016-02-27Central Library, BUET 2014-08-303 623/CHA/2005  Circulation section 
112022-11-22 Central Library, BUET623_000000000000000_CHA_2005General Book2022-12-061033372014-08-302022-11-22Central Library, BUET 2014-08-3041623/CHA/2005  Circulation section 
172025-12-01 Central Library, BUET623_000000000000000_CHA_2005General Book2025-12-151033392015-01-262025-12-01Central Library, BUET 2015-01-265 623/CHA/2005  Circulation section 
252026-02-03 Central Library, BUET623_000000000000000_CHA_2005General Book 1033402015-12-302026-01-07Central Library, BUET 2015-12-306 623/CHA/2005  Circulation section